[Event "14th OIBM"]
[Site "Bad Wiessee GER"]
[Date "2010.10.30"]
[Round "1.36"]
[White "Meister,P"]
[Black "Hopp,G"]
[Result "1-0"]
[WhiteElo "2446"]
[BlackElo "1986"]

1.d4 d5 2.Nf3 Nf6 3.c4 c6 4.Nbd2 Bf5 5.g3 e6 6.Bg2 Nbd7 7.O-O Bd6 8.b3 h6
9.Bb2 Ne4 10.cxd5 exd5 11.Nh4 Qf6 12.Nxf5 Qxf5 13.Nxe4 dxe4 14.Qc2 Nf6 15.f3 Qg5
16.fxe4 Qe3+ 17.Kh1 Ng4 18.e5 Bb4 19.Qc4  1-0

[Event "14th OIBM"]
[Site "Bad Wiessee GER"]
[Date "2010.10.30"]
[Round "1.5"]
[White "Iordachescu,V"]
[Black "Schneider,And1"]
[Result "1-0"]
[WhiteElo "2632"]
[BlackElo "2033"]

1.d4 d5 2.c4 c6 3.Nf3 Nf6 4.Qc2 g6 5.Bf4 Bg7 6.e3 Bf5 7.Qb3 Qb6 8.Nc3 O-O
9.h3 Nbd7 10.c5 Qxb3 11.axb3 b6 12.b4 a5 13.b5 bxc5 14.bxc6 cxd4 15.Nxd4 e5
16.Nxf5 gxf5 17.Bh2 d4 18.Na4 Nb8 19.c7 Nbd7 20.exd4 exd4 21.Bb5 Rfe8+ 22.Kd1 Bh6
23.Re1 Rxe1+ 24.Kxe1 Rc8 25.Ba6  1-0

[Event "Chigorin Mem Classic Open"]
[Site "St Petersburg RUS"]
[Date "2010.10.30"]
[Round "3"]
[White "Sukhareva,E"]
[Black "Kargin,A"]
[Result "0-1"]
[WhiteElo "2176"]
[BlackElo "2405"]

1.d4 d5 2.Nf3 Nf6 3.c4 c6 4.Qb3 dxc4 5.Qxc4 Bg4 6.Nc3 Nbd7 7.e4 Bxf3 8.gxf3 e5
9.Be3 exd4 10.Qxd4 Qa5 11.Qa4 Qc7 12.O-O-O Bd6 13.h4 Nh5 14.Rg1 Ndf6 15.Qd4 Bh2
16.Rg5 O-O 17.Qc5 Nf4 18.Qf5 h6 19.e5 hxg5 20.exf6 Rfd8 21.Qxg5 Rxd1+ 22.Nxd1 Ne6
23.Qg4 Be5 24.fxg7 Rd8 25.h5 Qd6 26.Be2 Nf4  0-1

[Event "Chigorin Mem Classic Open"]
[Site "St Petersburg RUS"]
[Date "2010.10.30"]
[Round "3"]
[White "Verzhansky,A"]
[Black "Napalkov,V"]
[Result "1-0"]
[WhiteElo "2352"]
[BlackElo "2144"]

1.d4 d5 2.c4 c6 3.Nf3 Nf6 4.g3 e6 5.Nbd2 Nbd7 6.Bg2 Be7 7.O-O O-O 8.Qc2 b6
9.b3 Bb7 10.Bb2 Rc8 11.e4 c5 12.e5 Ne8 13.dxc5 Bxc5 14.Rfd1 b5 15.Rac1 Qb6
16.Nb1 Nc7 17.Ng5 g6 18.Qd2 bxc4 19.bxc4 dxc4 20.Bxb7 Qxb7 21.Rxc4 Nd5 22.Rh4 Be7
23.Bd4 Rc4 24.Nxh7 Bxh4 25.Nxf8 Nxf8 26.gxh4 Ne7 27.Qd3 Qb4 28.a3 Qa4 29.Nc3 Qc6
30.f3 Nf5 31.Ne2 Nxh4 32.Kf2 Nf5 33.Bxa7 Rh4 34.Kg1 Qc7 35.Bf2 Ra4 36.Qb3 Qa5
37.Rd3 Qa6 38.Bc5 Nh7 39.Ng3 Nh4 40.Bb4 Qa7+ 41.Kf1 Ng5 42.Ne4 Nhxf3 43.Rd8+ Kg7
44.Bf8+  1-0

[Event "14th OIBM"]
[Site "Bad Wiessee GER"]
[Date "2010.10.31"]
[Round "2.7"]
[White "Kick,J"]
[Black "Khenkin,I"]
[Result "0-1"]
[WhiteElo "2166"]
[BlackElo "2614"]

1.Nf3 d5 2.d4 c6 3.c4 dxc4 4.a4 e6 5.e3 b5 6.axb5 cxb5 7.b3 Bb4+ 8.Bd2 Bxd2+
9.Nbxd2 a5 10.bxc4 b4 11.Ne5 Nf6 12.Be2 O-O 13.Bf3 Ra7 14.O-O Qc7 15.Qa4 Bd7
16.Nxd7 Nbxd7 17.c5 Nd5 18.Ne4 Rb8 19.Qb3 Nf8 20.Rfc1 Ng6 21.Be2 Qc6 22.Ra4 Nh4
23.g3 Nb6  0-1

[Event "Chigorin Mem Classic Open"]
[Site "St Petersburg RUS"]
[Date "2010.11.01"]
[Round "5"]
[White "Epishin,V"]
[Black "Kosov,Iv"]
[Result "1/2-1/2"]
[WhiteElo "2594"]
[BlackElo "2388"]

1.d4 d5 2.c4 c6 3.Nf3 Nf6 4.Qb3 dxc4 5.Qxc4 Bf5 6.g3 e6 7.Bg2 Nbd7 8.O-O Be7
9.Nc3 O-O 10.Qb3 Qb6 11.Nd2 a5 12.e4 Bg6 13.Qxb6 Nxb6 14.a4 Rfd8 15.Nb3 Bb4
16.Re1 Nc4 17.Bf1 b5 18.f3 e5 19.axb5 exd4 20.Bxc4 dxc3 21.bxc6 a4 22.c7 Rdc8
23.Rd1 cxb2 24.Bxb2 Rxc7 25.Bb5 Rc2 26.Bxf6 gxf6 27.Rxa4 Rxa4 28.Bxa4 Rc3
29.Kg2 Rc2+ 30.Kh3 Rf2 31.Nd4 Bc5 32.Nf5  1/2-1/2

[Event "Chigorin Mem Classic Open"]
[Site "St Petersburg RUS"]
[Date "2010.11.02"]
[Round "6"]
[White "Shaidullina,S"]
[Black "Ovod,E"]
[Result "0-1"]
[WhiteElo "2175"]
[BlackElo "2401"]

1.d4 d5 2.Nf3 Nf6 3.c4 c6 4.Qb3 Qb6 5.c5 Qc7 6.g3 b6 7.Bf4 Qb7 8.cxb6 axb6
9.Bg2 e6 10.O-O Be7 11.Nc3 O-O 12.Ne5 Nbd7 13.e4 dxe4 14.Nxe4 Nd5 15.Rfc1 Nxe5
16.dxe5 Nxf4 17.gxf4 Bd7 18.Kh1 Kh8 19.Rd1 Qc7 20.Nd6 Rad8 21.Qf3 f6 22.Qh5 g6
23.Qh4 Be8 24.Nxe8 Rdxe8 25.Qg3 fxe5 26.fxe5 Rf5 27.Rac1 c5 28.f4 g5 29.fxg5 Bxg5
30.Rc4 Rg8 31.Rg4 h5 32.Qh3 Qh7 33.Re4 Rf2 34.Ra4 Bf4 35.Qh4 Rfxg2 36.Qf6+ Qg7
37.Rxf4 Rxb2 38.a4 Kh7 39.Qf7 Qxf7 40.Rxf7+ Rg7 41.Rf6 Rg6 42.Rdf1 Rb4 43.Rxg6 Kxg6
44.Rf6+ Kg5 45.Rxe6 Kf5 46.Re8 Rxa4 47.e6 h4 48.e7 Ke6 49.Rb8 Kxe7 50.Rxb6 Rf4
51.Rc6 c4 52.Kg2 Kd7 53.Rc5 Kd6 54.Rc8 Kd5 55.Kh3 Kd4 56.Rd8+ Ke3 57.Re8+ Kd3
58.Rd8+ Rd4 59.Rf8 c3 60.Rf3+ Kc4 61.Rf2 Kb3 62.Rf3 Kb2 63.Rf8 c2 64.Rb8+ Kc3
65.Rc8+ Rc4 66.Rxc4+ Kxc4 67.Kxh4 c1=Q  0-1

[Event "14th OIBM"]
[Site "Bad Wiessee GER"]
[Date "2010.11.03"]
[Round "6.1"]
[White "Khenkin,I"]
[Black "Sandipan,C"]
[Result "1/2-1/2"]
[WhiteElo "2614"]
[BlackElo "2641"]

1.d4 d5 2.c4 c6 3.Nf3 Nf6 4.Qb3 dxc4 5.Qxc4 Bf5 6.g3 e6 7.Bg2 Nbd7 8.O-O Be7
9.e3 O-O 10.Rd1 Rc8 11.Qe2 Qc7 12.Nc3 Ne4 13.Ne1 Nxc3 14.bxc3 c5 15.e4 Bg6
16.Nd3 cxd4 17.cxd4 Qc2 18.Qxc2 Rxc2 19.Nf4 Rd8 20.Be3 Nf6 21.Nxg6 hxg6 22.h3 b5
23.Rdc1 Rdc8 24.Rxc2 Rxc2 25.Rc1 Rxc1+ 26.Bxc1 Nd7 27.Kf1 e5 28.dxe5  1/2-1/2

[Event "Chigorin Mem Classic Open"]
[Site "St Petersburg RUS"]
[Date "2010.11.03"]
[Round "7"]
[White "Tunik,G"]
[Black "Vunder,A"]
[Result "1-0"]
[WhiteElo "2457"]
[BlackElo "2293"]

1.d4 d5 2.c4 c6 3.Nf3 Nf6 4.Qc2 dxc4 5.Qxc4 Bf5 6.g3 e6 7.Bg2 Nbd7 8.O-O Be7
9.Nc3 O-O 10.Re1 Bg6 11.Qb3 Qb6 12.e4 Qxb3 13.axb3 Bb4 14.Nh4 e5 15.Nxg6 fxg6
16.dxe5 Nxe5 17.h3 Nd3 18.Re2 Bc5 19.Be3 Nd7 20.Rd1 N7e5 21.f4 Bxe3+ 22.Rxe3 Nxf4
23.gxf4 Rxf4 24.Ne2 Rff8 25.Nc1 Rad8 26.Rxd8 Rxd8 27.Bf1 Rd2 28.Nd3 Nxd3
29.Rxd3 Rxb2 30.Rd8+ Kf7 31.Rd7+ Kf6 32.Rxb7 a5 33.Bc4 a4 34.Rf7+ Ke5 35.bxa4 Rb4
36.Bd3 Rxa4 37.Kf2 c5 38.Rc7 c4 39.Bxc4 Kxe4 40.Bf1 Ra2+ 41.Kg1 h6 42.Rxg7 Ra5
43.Rxg6 Rh5 44.Kh2 Ke5 45.Bg2 Kf5 46.Rb6 Kf4 47.Rb4+ Ke3 48.Re4+ Kf2 49.Re6 Rh4
50.Rf6+ Ke3 51.Kg3 Rh5 52.h4  1-0

[Event "14th OIBM"]
[Site "Bad Wiessee GER"]
[Date "2010.11.04"]
[Round "7.48"]
[White "Grohde,W"]
[Black "Egger,T"]
[Result "0-1"]
[WhiteElo "2125"]
[BlackElo "2216"]

1.d4 d5 2.c4 c6 3.Nf3 Nf6 4.Qc2 g6 5.e3 Bg7 6.Nbd2 O-O 7.Bd3 Nbd7 8.h3 Re8
9.b3 e5 10.dxe5 Nxe5 11.Nxe5 Rxe5 12.Nf3 Re8 13.Bb2 dxc4 14.bxc4 Nd7 15.Bxg7 Kxg7
16.Qc3+ Qf6 17.Qxf6+ Kxf6 18.Be2 Nc5 19.O-O Rd8 20.Rfd1 Be6 21.Nd4 Ke7 22.Nxe6 Nxe6
23.Kf1 Rxd1+ 24.Rxd1 Rd8 25.Rxd8 Nxd8 26.Ke1 Kd6 27.Kd2 Kc5 28.Kc3 f6 29.Bg4 f5
30.Be2 Nf7 31.g4 Ng5 32.Bd3 Ne4+ 33.Bxe4 fxe4 34.g5 b5 35.cxb5 cxb5 36.a3 a5
37.Kb3 Kd5 38.Kc3 Ke5 39.h4 Kd5 40.Kb3 Kc5 41.Kc3 b4+ 42.axb4+ axb4+ 43.Kb3 Kb5
44.Kb2 Kc4 45.Kc2 b3+ 46.Kb2 Kb4  0-1

[Event "Chigorin Mem Classic Open"]
[Site "St Petersburg RUS"]
[Date "2010.11.05"]
[Round "9"]
[White "Tunik,G"]
[Black "Charochkina,D"]
[Result "1/2-1/2"]
[WhiteElo "2457"]
[BlackElo "2303"]

1.d4 d5 2.c4 c6 3.Nf3 Nf6 4.Qc2 dxc4 5.Qxc4 Bg4 6.Nbd2 e6 7.g3 Be7 8.Bg2 O-O
9.O-O Bf5 10.Qb3 Qb6 11.Nc4 Qa6 12.Nfd2 Rd8 13.e3 Nbd7 14.e4 Bg6 15.e5 Nd5
16.Ne4 c5 17.Be3 Nxe3 18.fxe3 b5 19.Ncd6 cxd4 20.exd4 Qb6 21.Rad1 Nxe5 22.Qxb5 Ng4
23.Qe2 h5 24.Nc4 Qc7 25.b3 Rac8 26.h3 Nf6 27.Rd3 Bxe4 28.Bxe4 Rxd4 29.Rxd4 Bc5
30.Kg2 Bxd4 31.Bf3 Qc5 32.Rd1 Nd5 33.Re1 g6 34.Qd3 Bg7 35.h4 Rd8 36.Qc2 Nb4
37.Qe2 Nc6 38.Rd1 Nd4 39.Qd3 Bf6 40.Qe3 Qf5 41.Rf1 Kg7 42.Kh2 Qc2+ 43.Bg2 Nf5
44.Qxa7 Rd3 45.Qf2 Qxf2 46.Rxf2 Nxg3 47.Rf3 Rxf3 48.Bxf3 Nf5 49.a4 Nd4 50.Bd1 Nc6
51.a5 Bxh4 52.Bf3 Nb4 53.Kg2 Bf6 54.Bb7 Bd4 55.Nd6 Kf8 56.Nb5 Bc5 57.a6 Ke7
58.a7 Bxa7 59.Nxa7 Kd6 60.Nb5+ Kc5 61.Nc3 Nc2 62.Ne4+ Kb4 63.Ng5 Kxb3 64.Nxf7 Kc3
65.Be4 Ne3+ 66.Kf3 Nf5 67.Kf4 Kd4 68.Bb7 Ne3 69.Kg5 e5 70.Kxg6 Ng4 71.Kxh5 Nf6+
72.Kg6 Ne4  1/2-1/2

[Event "Chigorin Mem Classic Open"]
[Site "St Petersburg RUS"]
[Date "2010.11.05"]
[Round "9"]
[White "Melkumyan,H"]
[Black "Bogdanovich,S"]
[Result "1/2-1/2"]
[WhiteElo "2614"]
[BlackElo "2464"]

1.d4 d5 2.c4 c6 3.Nf3 dxc4 4.e3 Be6 5.a4 Nf6 6.Nc3 g6 7.e4 Bg7 8.Ng5 Bg4
9.f3 Bc8 10.Bxc4 O-O 11.Qb3 e6 12.Be3 Re8 13.O-O h6 14.Nh3 Nfd7 15.Bf2 Nb6
16.e5 Nxc4 17.Qxc4 b6 18.Rfd1 Ba6 19.Qb3 Nd7 20.Ne4 Qe7 21.Rac1 Rec8 22.f4 c5
23.Nd6 Rcb8 24.Be3 Rd8 25.Nf2  1/2-1/2

[Event "TCh-SUI 2010"]
[Site "Switzerland SUI"]
[Date "2010.11.06"]
[Round "8.3"]
[White "Buss,Ra"]
[Black "Bauer,Ch"]
[Result "0-1"]
[WhiteElo "2416"]
[BlackElo "2610"]

1.Nf3 d5 2.d4 c6 3.c4 dxc4 4.a4 c5 5.d5 Nf6 6.Nc3 Bf5 7.e3 e6 8.Bxc4 exd5
9.Nxd5 Nc6 10.O-O Ne4 11.b3 Bd6 12.Bb2 O-O 13.Nc3 Nb4 14.Nxe4 Bxe4 15.Qe2 Qe7
16.Rfd1 Rad8 17.Rd2 Bxf3 18.gxf3 Be5 19.Bxe5 Qxe5 20.Rad1 Qe7 21.Rxd8 Rxd8
22.Rd2 Nc6 23.Rxd8+ Qxd8 24.Qd3 Qxd3 25.Bxd3 Na5 26.Bc2 Kf8 27.Kf1 Ke7 28.Ke2 g5
29.Kd2 h6 30.Kc3 Kd6 31.Be4 b6 32.Bd3 Nc6 33.h3 Ne5 34.Be4 f6 35.Bb7 h5 36.Be4 h4
37.Bb7 f5 38.Kd2 c4 39.bxc4 Nxc4+ 40.Kc3 Kc5 41.Bc8 Nd6 42.Be6 a6 43.Kd3 b5
44.axb5 axb5 45.Kc3 g4 46.fxg4 fxg4 47.Bxg4 Ne4+ 48.Kc2 Nxf2 49.Bf5 b4 50.Kd2 Kd5
51.Kc2 Ke5 52.Bd7 Ne4 53.Bc6 Nc5 54.Kb2 Kd6 55.Ba8 Kc7 56.Bd5 Kb6 57.Kc2 Kb5
58.e4 Nd7 59.Kd3 Kc5 60.Ke3 Nb6 61.Bb3 Nc4+ 62.Kf4 Kd4 63.Kg5 Nd2 64.Bd1 Nxe4+
65.Kxh4 Kc3 66.Bf3 Kd3 67.Bd1 Nc5 68.Kg5 Kd2 69.Bh5 b3 70.Bf7 b2 71.Ba2 Ne4+  0-1

[Event "14th OIBM"]
[Site "Bad Wiessee GER"]
[Date "2010.11.07"]
[Round "9.49"]
[White "Duhayon,Y"]
[Black "Proschmann,T"]
[Result "1-0"]
[WhiteElo "2220"]
[BlackElo "2097"]

1.d4 d5 2.c4 c6 3.Nf3 Nf6 4.Qc2 dxc4 5.e4 b5 6.b3 Qa5+ 7.Bd2 cxb3 8.Qxb3 Qb6
9.Bd3 e6 10.O-O Be7 11.Nc3 O-O 12.Bg5 h6 13.Bh4 Re8 14.e5 Nd5 15.Bxe7 Nxe7
16.a4 a6 17.Rfb1 Bb7 18.Ne4 Nf5 19.Qc3 Rd8 20.Nc5 Ne7 21.Qe1 Nd7 22.Qe4 Nxc5
23.Qh7+ Kf8 24.Qh8+ Ng8 25.dxc5 Qxc5 26.Bh7 Ke7 27.Qxg7 Rf8 28.Nh4 Kd7 29.Bxg8 Qe7
30.Rd1+ Kc7 31.Ng6 Rxg8 32.Qxg8 fxg6 33.Qxg6 c5 34.Rd6 Re8 35.Rad1 Bd5 36.Rxa6 b4
37.Rxd5 Qg5 38.Rxc5+ Kb7 39.Qxe8  1-0

[Event "TCh-SUI 2010"]
[Site "Switzerland SUI"]
[Date "2010.11.07"]
[Round "9.1"]
[White "Charnushevich,A"]
[Black "Nideroest,B"]
[Result "1-0"]
[WhiteElo "2501"]
[BlackElo "2234"]

1.d4 d5 2.c4 c6 3.Nd2 Nf6 4.Ngf3 Bf5 5.Nh4 Be6 6.e3 g6 7.Bd3 Bg7 8.O-O O-O
9.Rb1 dxc4 10.Bxc4 Bxc4 11.Nxc4 Nbd7 12.b4 Nd5 13.Qb3 e5 14.Nf3 exd4 15.Nxd4 Qe7
16.Na5 N7f6 17.Ba3 Rfe8 18.Rbc1 Rac8 19.Nc4 Qd7 20.Rfd1 Bf8 21.Nf3 Qe6 22.Bb2 b5
23.Na5 Nxb4 24.Qxe6 Rxe6 25.Ng5 Ree8 26.Bxf6 h6 27.Nf3 Nxa2 28.Rxc6 Rxc6
29.Nxc6 Re6 30.Nxa7 Rxf6 31.Nxb5 Rb6 32.Nfd4 Nb4 33.g4 Be7 34.Kg2 Ra6 35.Rd2 Rb6
36.Nc3 Rb7 37.Ne4 Kg7 38.Kf3 Ra7 39.Nb5 Rb7 40.Nbd6 Rb8 41.Nc4 Nc6 42.Rd5 Rb7
43.Kg3 Rb1 44.Rd7 Rc1 45.Ned2 Bb4 46.f4 Rc2 47.Kf3 Na5 48.Nxa5 Bxa5 49.Ne4 Rxh2
50.Nd6 Kf6 51.Nxf7 Rh3+ 52.Kf2 Ke6 53.Rb7 Bd2 54.Nd8+ Kd6 55.Rb3 Ke7 56.Nc6+ Kf6
57.Nd4 Rh1 58.Nf3 Ba5 59.Ra3 Bc7 60.Ra6+ Kg7 61.Rc6 Bb8 62.Rb6 Bc7 63.Rb7 Rc1
64.Nd4 Kf6 65.Kf3 Bd8 66.Ke4 Be7 67.Nf3 Bc5 68.Ne5 Rc2 69.Rf7+ Ke6 70.f5+ gxf5+
71.gxf5+ Kd6 72.Rd7+  1-0

[Event "TCh-SUI 2010"]
[Site "Switzerland SUI"]
[Date "2010.11.07"]
[Round "9.7"]
[White "Gruenenwald,J"]
[Black "Eschbach,D"]
[Result "1/2-1/2"]
[WhiteElo "2336"]
[BlackElo "2435"]

1.d4 d5 2.c4 c6 3.Nf3 Nf6 4.Qc2 dxc4 5.Qxc4 Bf5 6.g3 e6 7.Bg2 Nbd7 8.O-O Be7
9.Qb3 Qb6 10.Nbd2 O-O 11.Nc4 Qa6 12.Bf4 Nb6 13.Nfe5 Rfd8 14.Rfd1 Be4 15.Bxe4 Nxe4
16.Qc2 Nxc4 17.Nxc4 Nf6 18.Bg5 Rd5 19.Be3 Rad8 20.b3 Ng4 21.Rd3 Nxe3 22.fxe3 c5
23.Rad1 f6 24.a4 Qc6 25.R1d2 Qe8 26.Qd1 Qh5 27.Qf1 b6 28.Qg2 Kf7 29.Qe4 R8d7
30.Kg2 h6 31.Qf3 Qxf3+ 32.Kxf3 h5 33.Ke4 Rc7 34.h3 Rg5 35.Kf3 Rf5+ 36.Kg2 Rg5
37.Kf3 Rf5+ 38.Kg2 Rd5 39.Kf3 Ke8 40.Rd1 Rc6 41.dxc5 Rf5+ 42.Kg2 Rfxc5 43.Rd7 Rc7
44.Rxc7 Rxc7 45.Kf3 Bc5 46.g4 hxg4+ 47.hxg4 a6 48.Rh1 b5 49.axb5 axb5 50.Nb2 Be7
51.Rh8+ Bf8 52.Nd3 Kf7 53.Rh5 e5 54.Rh1 Rc3 55.Rb1 Ke6 56.e4 Kd7 57.Ke3 Bd6
58.Kd2 b4 59.Rb2 Ke6 60.Ke3 Bc5+ 61.Kf3 Bd4 62.Rb1 g6 63.Kg2 Rc2 64.Kf3 Bc3
65.Nc5+ Kd6 66.Nd3 Ra2 67.Ke3 Ke6 68.Nc5+ Kf7 69.Nd3 Kg7 70.Kf3 Ra3 71.Nc5 Kf7
72.Nd3 Ra2 73.Rh1 Kg7 74.Rb1 Rc2 75.Rc1 Rd2 76.Rg1 Ra2 77.Rh1 Ra5 78.Ke3 Ra3
79.Rb1 Ra8 80.Rh1 Rc8 81.Kf3 Rc6 82.Rc1 Ra6 83.Rh1 Ra7 84.Kg2 Ra3 85.Rb1 Kf7
86.Kf3 Ke7 87.Nc5 Kd6 88.Nd3 Kc6 89.Ke3 Kb5 90.Kf3 Bd4 91.Nc1 Ra8 92.Nd3 Rh8
93.Kg3 Rg8 94.Kf3 Rh8  1/2-1/2

[Event "ch-ISR w Prelim"]
[Site "Haifa ISR"]
[Date "2010.11.09"]
[Round "2.1"]
[White "Kluchik,J"]
[Black "Vasiliev,Olg"]
[Result "0-1"]
[WhiteElo "2002"]
[BlackElo "2307"]

1.d4 d5 2.Nf3 c6 3.c4 dxc4 4.e3 Be6 5.Qc2 b5 6.a4 Nf6 7.axb5 cxb5 8.Nc3 Qb6
9.e4 Nc6 10.d5 Nb4 11.Qb1 Bd7 12.Be3 Qc7 13.Nd4 Rb8 14.Be2 a6 15.O-O e5 16.dxe6 fxe6
17.f4 Bc5 18.Qc1 O-O 19.e5 Nfd5 20.Nxd5 Nxd5 21.Rxa6 Bc8 22.Rc6 Bxd4 23.Rxc7 Bxe3+
24.Qxe3 Nxe3 25.Rf3 Nd5  0-1

[Event "TCh-SWE Elitserien 2010-11"]
[Site "Sweden SWE"]
[Date "2010.11.13"]
[Round "4"]
[White "Agrest,E"]
[Black "Jonsson,M"]
[Result "1-0"]
[WhiteElo "2585"]
[BlackElo "2332"]

1.Nf3 d5 2.d4 Nf6 3.c4 c6 4.Qb3 dxc4 5.Qxc4 Bf5 6.g3 e6 7.Bg2 Nbd7 8.O-O Be7
9.e3 O-O 10.Rd1 Rc8 11.Qe2 Qc7 12.h3 h6 13.Nc3 Ne4 14.Nd2 Nxc3 15.bxc3 Bc2
16.Re1 c5 17.Nb3 Bg6 18.e4 cxd4 19.cxd4 b6 20.Be3 Qc4 21.Qxc4 Rxc4 22.Bf1 Rc7
23.Bf4 Rc3 24.Bb5 Nf6 25.Bd2 Rc7 26.f3 Ba3 27.Red1 Rd8 28.Bc1 Bd6 29.g4 Nd7
30.Bb2 Nb8 31.Rac1 Rdc8 32.Rxc7 Rxc7 33.Bd3 Bf4 34.Kf2 f6 35.Ba3 Bf7 36.e5  1-0

[Event "1st Open"]
[Site "Brno CZE"]
[Date "2010.11.15"]
[Round "2"]
[White "Horyna,J"]
[Black "Zikan,K"]
[Result "0-1"]
[WhiteElo "1922"]
[BlackElo "1787"]

1.d4 Nf6 2.Nf3 d5 3.c4 c6 4.Qc2 g6 5.Bf4 Bf5 6.Qb3 Qb6 7.c5 Qxb3 8.axb3 Bg7
9.Nc3 O-O 10.b4 a6 11.e3 Nbd7 12.Be2 Rfe8 13.Ne5 Nxe5 14.Bxe5 Ne4 15.Bxg7 Nxc3
16.bxc3 Kxg7 17.g4 Bd7 18.f4 f6 19.Kf2 e5 20.dxe5 fxe5 21.Rhd1 exf4 22.exf4 Rxe2+
23.Kxe2 Bxg4+ 24.Kf2 Bxd1 25.Rxd1 Re8 26.Rd4 Kf6 27.Rd3 Re4 28.Kg3 Kf5 29.Rf3 d4
30.cxd4 Rxd4  0-1

[Event "ch-ISR"]
[Site "Haifa ISR"]
[Date "2010.11.15"]
[Round "6.7"]
[White "Galburd,Y"]
[Black "Postny,E"]
[Result "0-1"]
[WhiteElo "2322"]
[BlackElo "2604"]

1.Nf3 d5 2.d4 c6 3.c4 Nf6 4.Qc2 dxc4 5.e4 b5 6.b3 cxb3 7.axb3 e6 8.Bd2 a5
9.Bd3 Be7 10.O-O h6 11.Nc3 O-O 12.e5 Nd5 13.Ne4 Nb4 14.Bxb4 Bxb4 15.Rfc1 Bb7
16.Nc5 Bxc5 17.Qxc5 Na6 18.Qc3 b4 19.Qe1 c5 20.Bxa6 Rxa6 21.dxc5 Qa8 22.Qe3 Rc8
23.Rc4 Bd5 24.Rg4 Kh8 25.Rh4 Rc7 26.Nd4 a4 27.bxa4 Rxa4 28.Re1 Ra1 29.Nc2 Rxe1+
30.Nxe1 b3 31.Rb4 Rb7 32.Qd4 Rxb4 33.Qxb4 Qa1  0-1

[Event "16th Asian Games Team Men"]
[Site "Guangzhou CHN"]
[Date "2010.11.19"]
[Round "2"]
[White "Jumabayev,R"]
[Black "Al Sayed,Mohamad"]
[Result "1-0"]
[WhiteElo "2571"]
[BlackElo "2502"]

1.d4 d5 2.c4 c6 3.Nf3 Nf6 4.Qc2 dxc4 5.Qxc4 Bf5 6.g3 e6 7.Bg2 Nbd7 8.O-O Be7
9.Rd1 O-O 10.e3 Qc7 11.Nc3 e5 12.h3 Rad8 13.g4 Bg6 14.Qe2 Bb4 15.Bd2 Bxc3
16.bxc3 Rfe8 17.c4 exd4 18.Nxd4 h5 19.Be1 hxg4 20.hxg4 Ne5 21.f3 c5 22.Nb5 Qe7
23.e4 Rxd1 24.Rxd1 Rd8 25.Rxd8+ Qxd8 26.Bf2 Qa5 27.Bg3 Nc6 28.e5 a6 29.exf6 axb5
30.cxb5  1-0

[Event "TCh-NED"]
[Site "Netherlands NED"]
[Date "2010.11.20"]
[Round "3.5"]
[White "Tjiam,D"]
[Black "Wagenaar,R"]
[Result "1-0"]
[WhiteElo "2398"]
[BlackElo "2183"]

1.d4 d5 2.c4 c6 3.Nf3 Nf6 4.Qb3 dxc4 5.Qxc4 Bg4 6.Nc3 e6 7.e4 Nbd7 8.Be2 Be7
9.O-O O-O 10.Be3 b5 11.Qxc6 b4 12.Na4 Rc8 13.Qa6 Nxe4 14.Rac1 Ndf6 15.Rxc8 Qxc8
16.Qxa7 Nd5 17.Rc1 Qa8 18.Qxa8 Rxa8 19.Bd1 Bxf3 20.gxf3 Nd6 21.Kf1 Nf5 22.Ke2 Bd6
23.Bb3 h5 24.Nc5 Nfe7 25.Kd3 g6 26.h3 Nf4+ 27.Bxf4 Bxf4 28.Rc4 Nd5 29.Rc2 Ne7
30.Ne4 Rd8 31.Rc4 Nd5 32.Rc5 Ra8 33.Bxd5 exd5 34.Nf6+ Kf8 35.Nxd5 Bh2 36.Rc2 Rxa2
37.Nxb4 Ra1 38.Nd5 Rh1 39.b4 Bd6 40.Rc6 Bxb4 41.Nxb4 Rxh3 42.Ke2 Rh4 43.Ke3 Rh1
44.Nd3 h4 45.Kf4 Rd1 46.Rc3 f5 47.Ne5 Rg1 48.Rc8+ Kg7 49.Rc7+ Kg8 50.d5 h3
51.d6  1-0

[Event "2nd OCF Thanksgiving Open"]
[Site "Stillwater USA"]
[Date "2010.11.20"]
[Round "3.1"]
[White "Roring,Tres"]
[Black "Holt,C"]
[Result "0-1"]
[WhiteElo "1978"]
[BlackElo "2388"]

1.d4 d5 2.c4 c6 3.Nf3 Nf6 4.Nbd2 Bf5 5.g3 e6 6.Bg2 Nbd7 7.O-O Bd6 8.b3 O-O
9.Bb2 Qb8 10.Re1 h6 11.a3 a5 12.Ra2 c5 13.e3 Rd8 14.Qa1 Ra6 15.Ne5 cxd4 16.exd4 a4
17.b4 dxc4 18.Ndxc4 Bf8 19.Bc3 b5 20.Nxd7 Rxd7 21.Ne5 Rc7 22.Rd2 Qc8 23.Bb2 Raa7
24.Qd1 Nd5 25.Bxd5 exd5 26.Re3 Ra6 27.Qe2 Re6 28.h4 Qe8 29.Qf3 Be4 30.Qe2 Rce7
31.Bc1 Bf5 32.Qf3 Be4 33.Qe2 Qc8 34.Bb2 Rc7 35.Qd1 Bd6 36.Qe2 Rf6 37.Kh2 Qb7
38.Nd3 Rc4 39.Ne5 Rc8 40.Ng4 Re6 41.Ne5 Re7 42.Qf1 Rce8 43.Qe2 Bf5 44.Qf3 Be4
45.Qe2 Bh7 46.Qf3 f6 47.Nd3 Rxe3 48.fxe3 Bxd3 49.Rxd3 Re4 50.Qh5 Kh7 51.Qf5+ g6
52.Qxf6 Qd7 53.Kg2 Re8 54.Qf3 Rf8 55.Qe2 Qf5 56.Bc3 Qe4+ 57.Kh3 Rf3 58.Qg2 Qf5+
59.Kh2 Rf2 60.Kg1 Rxg2+ 61.Kxg2 Qe4+ 62.Kf2 Qh1  0-1

[Event "Podgaets Memorial"]
[Site "Odessa UKR"]
[Date "2010.11.24"]
[Round "5"]
[White "Kozak,L"]
[Black "Bogdanovich,S"]
[Result "1/2-1/2"]
[WhiteElo "2340"]
[BlackElo "2479"]

1.d4 d5 2.c4 dxc4 3.Nf3 c6 4.e3 Be6 5.a4 Nf6 6.Na3 c5 7.Bxc4 Bxc4 8.Nxc4 Nc6
9.dxc5 Qxd1+ 10.Kxd1 Ne4 11.Ke2 Nxc5 12.Nfd2 g6 13.b3 Bg7 14.Rb1 Bc3 15.Ba3 Bb4
16.Rhc1 Na6 17.Ne4 O-O 18.Rd1 f5 19.Bxb4 Ncxb4 20.Nc3 Nc5 21.a5 Rfd8 22.Rxd8+ Rxd8
23.Ne5 Kg7 24.Na4 Ne4 25.Nc4 Rd3 26.f3 Nc3+ 27.Nxc3 Rxc3 28.Rb2 Kf6 29.Na3 Rc5
30.Nc4 Nc6 31.Ra2 Rb5 32.Ra3 e5 33.Kd3 Rd5+ 34.Kc2 a6 35.Ra1 Ke6 36.e4 fxe4
37.fxe4 Rd8 38.Rf1 Nd4+ 39.Kb2 Nb5 40.Kc2 Rd4 41.Rf8 Rxe4 42.Re8+ Kd5 43.Re7 Kc5
44.Rxh7 Re2+ 45.Kd3 Rxg2 46.Nxe5 Rb2 47.Rxb7 Rxb3+ 48.Kd2 Kb4 49.Nc6+ Kc5
50.Nb8 Ra3 51.Nxa6+ Kc4 52.Nc7 Ra2+ 53.Ke3 Nd4 54.Kf4 Rxa5 55.Rb6 Ra7 56.Ne6 Rf7+
57.Ke4 Rf6 58.Ke5 Rf5+ 59.Ke4 Nf3 60.Rc6+ Kb4 61.Nd4 Nxd4 62.Kxd4 Rh5 63.Rc2 Kb3
64.Rd2 Kb4 65.Rb2+ Ka3 66.Re2 Kb4 67.Ke4 Kc4 68.Kf4 Kd3 69.Rg2 Rf5+ 70.Kg4 Ke4
71.Re2+ Kd5 72.Re7 Kd6 73.Rg7 Ra5 74.h4 Ke6 75.Rxg6+ Kf7  1/2-1/2

[Event "XXIII Belgrade Trophy"]
[Site "Obrenovac SRB"]
[Date "2010.11.27"]
[Round "4.29"]
[White "Carnic,S"]
[Black "Ratkovic,Miloj"]
[Result "1-0"]
[WhiteElo "2347"]
[BlackElo "2132"]

1.d4 d5 2.c4 c6 3.Nf3 Nf6 4.Qc2 e6 5.g3 Be7 6.Bg2 O-O 7.O-O b6 8.Nbd2 Bb7
9.e4 dxe4 10.Nxe4 Nbd7 11.Rd1 Nxe4 12.Qxe4 Nf6 13.Qc2 Qc8 14.c5 Rd8 15.Bg5 h6
16.Bd2 Nd5 17.Ne5 Qc7 18.Nc4 bxc5 19.Ba5 Nb6 20.Qb3 Rxd4 21.Rxd4 cxd4 22.Nxb6 axb6
23.Bxb6 Qd7 24.Bxd4 c5 25.Bxb7 Rb8 26.Bc3 Rxb7 27.Rd1 Qc6 28.Qc4 Rd7 29.Rxd7 Qxd7
30.Qg4 Bf8 31.a4 Qd3 32.a5 Qb5 33.Qe4 Qa6 34.h4 Be7 35.Qg4 Bf8 36.Qa4 Bd6
37.Qe8+ Bf8 38.Qb8 f6 39.Qe8 Qd6 40.Qa8 Qd1+ 41.Kg2 e5 42.a6 e4 43.Qc6 Qf3+
44.Kg1 Qd1+ 45.Kh2 Qe2 46.Qd5+ Kh8 47.Kg2 Qf3+ 48.Kg1  1-0

[Event "XXIII Belgrade Trophy"]
[Site "Obrenovac SRB"]
[Date "2010.11.27"]
[Round "4.7"]
[White "Tosic,M"]
[Black "Pikula,D"]
[Result "1/2-1/2"]
[WhiteElo "2413"]
[BlackElo "2533"]

1.d4 d5 2.c4 c6 3.Nf3 Nf6 4.Qc2 g6 5.Bf4 Bg7 6.e3 O-O 7.Nc3 b6 8.Be2 Bb7
9.cxd5 cxd5 10.O-O a6 11.Ne5 Nbd7  1/2-1/2

[Event "Podgaets Memorial"]
[Site "Odessa UKR"]
[Date "2010.11.28"]
[Round "9"]
[White "Kutsykh,M"]
[Black "Bogdanovich,S"]
[Result "1-0"]
[WhiteElo "2295"]
[BlackElo "2479"]

1.d4 d5 2.c4 dxc4 3.Nf3 c6 4.e4 b5 5.Nc3 Nf6 6.e5 Nd5 7.a4 e6 8.axb5 Nxc3
9.bxc3 cxb5 10.Ng5 Bb7 11.Qh5 g6 12.Qg4 Be7 13.Be2 Bd5 14.O-O Nd7 15.Bf3 Nb6
16.Ne4 a5 17.Bg5 Bxe4 18.Bxe7 Kxe7 19.Bxe4 Nd5 20.Qf3 Rf8 21.Rfb1 b4 22.cxb4 axb4
23.Rxa8 Qxa8 24.Rxb4 f5 25.exf6+ Rxf6 26.Qe2 Rf4 27.g3 Rf8 28.Rxc4 Nc3 29.Rc7+ Kd6
30.Qb2 Nxe4 31.Qb6+ Kd5 32.Qb5+ Nc5 33.Qxc5+ Ke4 34.Qe5+ Kf3 35.Qe3+ Kg4
36.h3+ Kxh3 37.Rxh7+  1-0

[Event "XXIII Belgrade Trophy"]
[Site "Obrenovac SRB"]
[Date "2010.12.01"]
[Round "8.74"]
[White "Maljevic,A"]
[Black "Nesovanovic,M"]
[Result "1/2-1/2"]
[WhiteElo "1673"]
[BlackElo "1943"]

1.d4 d5 2.Nf3 Nf6 3.c4 c6 4.Qc2 a6 5.cxd5 cxd5 6.Nc3 Nc6 7.Bf4 e6 8.a3 Be7
9.e3 h6 10.Bd3 O-O 11.O-O Nh5 12.Be5 f5 13.h3 g6 14.g4 Ng7 15.gxf5 gxf5 16.Kh1 Nxe5
17.Nxe5 Kh7 18.f4 Bf6 19.Qg2 Bxe5 20.fxe5 Qg5 21.Qf2 Bd7 22.Rg1 Qe7 23.Ne2 Nh5
24.Nf4 Nxf4 25.exf4 Rg8 26.Rxg8 Rxg8 27.Rg1 Rxg1+ 28.Kxg1 Be8 29.Kh2 Qd8
30.Qe1 a5 31.Bf1 Kg8 32.Bd3 Kg7 33.Be2 Kh7 34.Bf1 b6 35.Qc3 h5 36.b4 axb4
37.axb4 Kh6 38.Kg3 h4+ 39.Kh2 Qd7 40.Qe1 Qe7 41.Qd2 Bh5 42.Bg2 Kh7 43.Qe1 Kg8
44.Qc3 Kg7 45.Qe1 Kf8 46.Qc3 Be8 47.Bf1 Qg7 48.Qe1 Qh6 49.Qc1 Qg6 50.Qe1 Qh6
51.Qe3 Ke7 52.Qc1 Kd8 53.Qd2 Bd7 54.Qe3 Ba4 55.Qf2 Kc7 56.Qd2 Kb7 57.Qc1 Qg7
58.Qc3 Qh6 59.Qc1 Qh5 60.b5 Qe8 61.Qb2 Qc8 62.Bd3 Qg8 63.Qf2 Qd8 64.Qa2 Qa8
65.Kh1 Bd1 66.Qxa8+ Kxa8 67.Bf1 Bb3 68.Kh2 Kb7  1/2-1/2

[Event "ch-RSSU"]
[Site "Moscow RUS"]
[Date "2010.12.07"]
[Round "7"]
[White "Yaksin,O"]
[Black "Sharafiev,A"]
[Result "1/2-1/2"]
[WhiteElo "2396"]
[BlackElo "2455"]

1.d4 d5 2.c4 c6 3.Nf3 Nf6 4.Qb3 e6 5.Bg5 dxc4 6.Qxc4 b5 7.Qc2 Bb7 8.e3 Nbd7
9.Nbd2 Rc8 10.a4 a6 11.Be2 Be7 12.O-O O-O 13.Nb3 Qb6 14.Ne5 Rfe8 15.Nxd7 Nxd7
16.Bxe7 Rxe7 17.Nc5 Nxc5 18.dxc5 Qc7 19.Rfd1 Rd8 20.Bf3 Rxd1+ 21.Rxd1 Rd7
22.Rxd7 Qxd7 23.axb5 axb5 24.g3 h6 25.h4 Ba6 26.b4 Bb7 27.Kg2 e5 28.Qe4 Qc7
29.g4 Qe7 30.Kg3 Qc7 31.Bg2 Qe7 32.h5 Qe6 33.Bf3 Qd5 34.Qf5 Qe6 35.Qe4 Qd5
36.Qc2 Qd7 37.Be2 Bc8 38.Qe4 Qe6 39.Bd3 Kf8 40.f3 Bd7 41.Qh7 Qb3 42.Kf2 Be6
43.Qh8+ Ke7 44.Be2 Qb2 45.Qb8 Bc4 46.Qd6+ Ke8 47.Qxc6+ Ke7 48.Qd6+ Ke8 49.Kg3 Qxe2
50.Qxe5+ Be6 51.Qb8+ Ke7 52.Qc7+ Ke8 53.Qb8+ Ke7 54.Qd6+ Ke8 55.Qb8+ Ke7  1/2-1/2